| 000 | 00500nam a22001937a 4500 | ||
|---|---|---|---|
| 003 | koha_MIRAKIL | ||
| 005 | 20231213100237.0 | ||
| 008 | 231213b |||||||| |||| 00| 0 ||| d | ||
| 020 | _b978-0-14-311841-1 | ||
| 040 |
_aTR-IsEVY _btur _cTR-IsEVY |
||
| 082 | _a428.64 WEL/T | ||
| 100 | _aWells, H. G. (Herbert George), 1866-1946. | ||
| 245 | 4 | _aThe time machine | |
| 260 |
_bPenguin Books, _c1895 |
||
| 300 | _a117 s. | ||
| 650 | _aDystopias. | ||
| 650 | _aScience fiction. | ||
| 942 |
_2ddc _cBK |
||
| 999 |
_c16860 _d16860 |
||